Music Quiz

Random Music or Lyrics Quiz

Lyrics: Somebody Told Me by The Killers Quiz Stats

 Plays Quiz not verified by Sporcle

Score 0/223 Timer 10:00
1 Play Today
Answer % Correct
to
99.6%
to
99.6%
you
99.2%
you
99.2%
you
99.2%
you
99.2%
and
99.1%
a
99.1%
a
99.1%
a
99.1%
a
99.1%
a
99.1%
a
99.1%
a
99.1%
a
99.1%
a
99.1%
a
99.1%
a
99.1%
a
99.1%
a
99.1%
a
99.1%
I
98.4%
I
98.4%
I
98.4%
I
98.4%
I
98.4%
i
98.4%
I
98.4%
had
97.7%
had
97.7%
had
97.7%
had
97.7%
had
97.7%
me
97.5%
me
97.5%
me
97.5%
like
97.2%
like
97.2%
like
97.2%
like
97.2%
like
97.2%
like
97.2%
like
97.2%
like
97.2%
somebody
97.1%
somebody
97.1%
told
97%
told
97%
girlfriend
96.3%
girlfriend
96.3%
boyfriend
96.1%
boyfriend
96.1%
that
94.7%
that
94.7%
that
94.7%
it
94.5%
it
94.5%
it
94.5%
it
94.5%
it
94.5%
looked
93.8%
looked
93.8%
who
93.7%
who
93.7%
in
93.4%
in
93.4%
in
93.4%
in
93.4%
in
93.4%
in
93.4%
in
93.4%
in
93.4%
your
93%
your
93%
I've
92.9%
Answer % Correct
I've
92.9%
I've
92.9%
so
91%
my
90.5%
just
90.5%
my
90.5%
just
90.5%
my
90.5%
my
90.5%
just
90.5%
know
90.2%
know
90.2%
last
90.2%
last
90.2%
know
90.2%
got
90%
got
90%
its
89.9%
Its
89.9%
this
89.6%
this
89.6%
this
89.6%
this
89.6%
year
89.6%
this
89.6%
this
89.6%
this
89.6%
year
89.6%
not
89.4%
not
89.4%
name
88.1%
name
88.1%
of
88%
of
88%
back
87.8%
back
87.8%
back
87.8%
back
87.8%
back
87.8%
back
87.8%
potential
87.7%
potential
87.7%
do
86.9%
Breaking
85.6%
breaking
85.6%
with
84.9%
february
84.8%
february
84.8%
place
84.3%
place
84.3%
place
84.3%
place
84.3%
place
84.3%
place
84.3%
confidential
84.1%
confidential
84.1%
game
82.4%
said
81.6%
said
81.6%
said
81.6%
don't
79.5%
don't
79.5%
don't
79.5%
I'm
79%
but
79%
but
79%
but
79%
Seventeen
78.8%
down
78.1%
down
78.1%
down
78.1%
down
78.1%
bring
78%
bring
78%
bring
78%
Answer % Correct
bring
78%
tonight
76.6%
tonight
76.6%
tracks
75.9%
close
75.7%
close
75.7%
close
75.7%
close
75.7%
close
75.7%
close
75.7%
close
75.7%
around
75.4%
ain't
74.6%
ain't
74.6%
ain't
74.6%
aint
74.6%
aint
74.6%
aint
74.6%
aint
74.6%
heaven
73.7%
heaven
73.7%
heaven
73.7%
heaven
73.7%
heaven
73.7%
heaven
73.7%
heaven
73.7%
rushin'
73%
rushin'
73%
now
71.1%
baby
70.8%
Never
68.7%
never
68.7%
is
68.4%
please
67.6%
cause
67.4%
cause
67.4%
cause
67.4%
maybe
67.2%
thought
66.6%
thought
66.6%
all
66.3%
I'd
66.1%
I'd
66.1%
let
64.4%
let
64.4%
miss
63.1%
miss
63.1%
might
63%
might
63%
Well
62.1%
Well
62.1%
for
61.6%
yourself
60.8%
goes
59.8%
blink
59.1%
blink
59.1%
moonlight
59%
moonlight
59%
rumor
58.9%
rumor
58.9%
anything
58%
wanna
57.8%
ruin
57.2%
ruin
57.2%
try
55.1%
when
50.6%
new
47.9%
lets
47.6%
something
47.3%
pace
45.8%
Ready
45.5%
roll
45.3%
onto
42.8%

You're not logged in!

Compare scores with friends on all Sporcle quizzes.
OR
Log In

You Might Also Like...

Show Comments

Extras

Created May 25, 2014SourceReportNominate
Tags:Lyrics Quiz

Top Quizzes Today


Score Distribution

Your Account Isn't Verified!

In order to create a playlist on Sporcle, you need to verify the email address you used during registration. Go to your Sporcle Settings to finish the process.

Report this User

Report this user for behavior that violates our Community Guidelines.

Details: